header

Italian folktales in America (Record no. 40920)

MARC details
000 -LEADER
fixed length control field 01778nam a2200433Ia 4500
082 04 - DEWEY DECIMAL CLASSIFICATION NUMBER
Classification number 398.2/08951073
100 1# - MAIN ENTRY--AUTHOR NAME
Personal name Mathias, Elizabeth.
245 10 - TITLE STATEMENT
Title Italian folktales in America
260 ## - PUBLICATION, DISTRIBUTION, ETC. (IMPRINT)
Place of publication Detroit :
Name of publisher Wayne State University Press,
Year of publication 1988, c1985.
300 ## - PHYSICAL DESCRIPTION
Number of Pages xxi, 322 p. :
Other physical details ill.
490 1# - SERIES STATEMENT
Series statement Wayne State University Folklore Archive study series
500 ## - GENERAL NOTE
General note Includes 22 tales as told by Clementina Todesco.
650 #0 - SUBJECT ADDED ENTRY--TOPICAL TERM
Topical Term Italian Americans
Topical Term Tales
Topical Term Tales
Topical Term Storytellers
Topical Term Storytellers
Topical Term Italian American women
700 1# - ADDED ENTRY--PERSONAL NAME
Personal name Raspa, Richard,
Personal name Todesco, Clementina.
856 40 - ELECTRONIC LOCATION AND ACCESS
Uniform Resource Identifier http://site.ebrary.com/lib/rucke/Doc?id=10715464

No items available.

© 2026 Rongo University
Contact us: librarian | system librarian | Rongo university